| 000 | 00469nam a2200181Ia 4500 | ||
|---|---|---|---|
| 008 | 240925s9999 xx 000 0 und d | ||
| 020 | _aNA | ||
| 082 | _a796.44 WAR | ||
| 100 | _aWarner, Pelham | ||
| 245 | 0 | _aLord's 1787-1945 | |
| 250 | _aNA | ||
| 260 |
_aLondon: _bGeorge G. Harrap & Co. ltd _c,1946. |
||
| 300 |
_axxv,736p. _bN.A _fOriginal |
||
| 500 | _aIncludes Index | ||
| 600 | _aHumanities & Natural Science | ||
| 650 | _aArts and Recreation | ||
| 942 | _cBK | ||
| 999 |
_c12104 _d12104 |
||